LIBRARY ONLINE CATALOGUE

Management : (Record no. 8750)

MARC details
000 -LEADER
fixed length control field 00600nam a22002052 4500
001 - CONTROL NUMBER
control field 0000018998
005 - DATE AND TIME OF LATEST TRANSACTION
control field 20151217152142.0
008 - FIXED-LENGTH DATA ELEMENTS--GENERAL INFORMATION
fixed length control field 100830s xx 000 0 eng d
020 ## - INTERNATIONAL STANDARD BOOK NUMBER
International Standard Book Number 0273711186 :
040 ## - CATALOGING SOURCE
Original cataloging agency KABU
Transcribing agency KABU
100 1# - MAIN ENTRY--PERSONAL NAME
Personal name Hannagan, Tim.
-- 0000178517
245 10 - TITLE STATEMENT
Title Management :
Remainder of title concepts &practices /
Statement of responsibility, etc. Tim Hannagan ...[et al.].
250 ## - EDITION STATEMENT
Edition statement 5th ed.
260 ## - PUBLICATION, DISTRIBUTION, ETC. (IMPRINT)
Place of publication, distribution, etc. Harlow, England :
Name of publisher, distributor, etc. Prentice Hall,
Date of publication, distribution, etc. 2008.
300 ## - PHYSICAL DESCRIPTION
Extent xxvii, 777 p.
650 #0 - SUBJECT ADDED ENTRY--TOPICAL TERM
Topical term or geographic name as entry element Management.
-- 0000083920
852 1# - LOCATION
-- p2760 KES
908 ## - PUT COMMAND PARAMETER (RLIN)
Put command parameter 100830
950 ## - LOCAL HOLDINGS (RLIN)
-- 1
Holdings
Withdrawn status Lost status Source of classification or shelving scheme Not for loan Home library Current library Date acquired Total Checkouts Full call number Barcode Date last seen Date last checked out Price effective from Koha item type
    Library of Congress Classification   Kabarak, Main Campus Kabarak, Main Campus 17/12/2015 1 HD31 .H36 2008 c. 1 24001 02/08/2024 11/06/2018 17/12/2015 General Collection